ბათუმის შოთა რუსთაველის სახელმწიფო უნივერსიტეტის ბიბლიოთეკა

თეთრი ჩრდილი : (ბიბ.ჩანაწერი № 39281)

000 -ლიდერი
ფიქსირებული სიგრძის საკონტროლო ველი 00748nam a2200217Ia 4500
001 - საკონტროლო ნომერი
საკონტროლო ველი 5867
003 - საკონტროლო ნომრის იდენტიფიკატორი
საკონტროლო ველი GE_BSU
005 - ბოლო ოპერაციის თარიღი და დრო
საკონტროლო ველი 20190913110639.0
008 - ფიქსირებული სიგრძის მონაცემთა ელემენტები - ზოგადი ინფორმაცია
ფიქსირებული სიგრძის საკონტროლო ველი 181216s1966||||ge |||||||||||||| ||geo||
040 ## - კატალოგიზაციის წყარო
Transcribing agency GE_BSU
041 ## - ენის კოდი
Language code of text/sound track or separate title geo
080 ## - უნივერსალური ათობითი კლასიფიკაციის ინდექსი
Universal Decimal Classification number 821.353.1-32 ა-42
100 ## - მთავარი ჩანაწერი - პიროვნების სახელი
Personal name აკობია, შ.
9 (RLIN) 3983
245 ## - ცნობა სათაურის შესახებ
Title თეთრი ჩრდილი :
Remainder of title რომანი /
Statement of responsibility, etc შ. აკობია ; რედ. მ. გვასალია
264 ## - წარმოების, გამოცემის, დისტრიბუციის და სხვა ცნობები
გამოცემის, წარმოების, დისტრიბუციის... ადგილი სოხუმი :
გამოცემის, წარმოების, დისტრიბუციის... სახელწოდება ალაშარა ;
გამოცემის, წარმოების, დისტრიბუციის... თარიღი 1966.
300 ## - ფიზიკური აღწერა
Extent 302 გვ. ;
Dimensions 21 სმ.
653 ## - INDEX TERM--UNCONTROLLED
Uncontrolled term თეთრი ჩრდილი
653 ## - INDEX TERM--UNCONTROLLED
Uncontrolled term რომანი
700 ## - ADDED ENTRY--PERSONAL NAME
Personal name გვასალია, მ.
Relator term რედაქტორი
9 (RLIN) 3984
942 ## - ADDED ENTRY ELEMENTS (KOHA)
Koha item type წიგნი
Source of classification or shelving scheme
ეგზემპლარები
ჩამოწერის სტატუსი დაკარგული ეგზემპლარის სტატუსი კლასიფიკაციის წყარო ან თაროზე გაწყობის სქემა დაზიანების სტატუსი არ გაიცემა მუდმივი მდებარეობა (დაცვის ადგილი) ამჟამინდელი ადგილსამყოფელი შეძენის თარიღი ღირებულება, შესყიდვის ნორმალური ფასი სრული შენახვის შიფრი შტრიხკოდი ბოლო ოპერაციის თარიღი ეგზემპლარის მიმდევრობითი ნომერი (კეტერი?) ფასის ძალაში შესვლის თარიღი ეგზემპლარის სახეობა საჯარო შენიშვნა
          ბათუმის შოთა რუსთაველის სახელმწიფო უნივერსიტეტის მთავარი ბიბლიოთეკა ბათუმის შოთა რუსთაველის სახელმწიფო უნივერსიტეტის მთავარი ბიბლიოთეკა 2018-12-17 1.32 821.353.1-32 ა-42 13698 2018-12-17 13698 2018-12-17 წიგნი 1.32 ლ.